Advanced calculus / (Record no. 181222)
[ view plain ]
| 000 -LEADER | |
|---|---|
| fixed length control field | 00791 a2200181 4500 |
| 003 - CONTROL NUMBER IDENTIFIER | |
| control field | Nust |
| 005 - DATE AND TIME OF LATEST TRANSACTION | |
| control field | 20230222112338.0 |
| 040 ## - CATALOGING SOURCE | |
| Transcribing agency | Nust |
| 082 ## - DEWEY DECIMAL CLASSIFICATION NUMBER | |
| Classification number | 515,SOK |
| 100 ## - MAIN ENTRY--PERSONAL NAME | |
| Personal name | Sokolnikoff, Ivan S. |
| 9 (RLIN) | 109445 |
| 245 ## - TITLE STATEMENT | |
| Title | Advanced calculus / |
| 260 ## - PUBLICATION, DISTRIBUTION, ETC. | |
| Place of publication, distribution, etc. | New York |
| Name of publisher, distributor, etc. | McGraw Hill |
| Date of publication, distribution, etc. | 1939 |
| 300 ## - PHYSICAL DESCRIPTION | |
| Extent | 445p |
| 505 ## - FORMATTED CONTENTS NOTE | |
| Formatted contents note | Limits and Continuity (Page-1), Derivatives and Differentials (Page-41), Functions of Several Variables (Page-58), Definite Integrals (Page-99), Multiple Integrals (Page-130), Line Integrals (Page-174), Infinite Series (Page-209), Power Series (Page-267), Applications of Power Series (Page-291), Improper Integrals (Page-335), Fourier Series (Page-378), Implicit Functions (Page-415). |
| 600 ## - SUBJECT ADDED ENTRY--PERSONAL NAME | |
| Personal name | Ivan S. Sokolnikoff |
| 9 (RLIN) | 109446 |
| 650 ## - SUBJECT ADDED ENTRY--TOPICAL TERM | |
| Topical term or geographic name entry element | Calculus |
| 942 ## - ADDED ENTRY ELEMENTS (KOHA) | |
| Source of classification or shelving scheme | |
| Koha item type | Book |
| Withdrawn status | Lost status | Source of classification or shelving scheme | Damaged status | Not for loan | Permanent Location | Current Location | Shelving location | Date acquired | Full call number | Barcode | Date last seen | Price effective from | Koha item type | Public note |
|---|---|---|---|---|---|---|---|---|---|---|---|---|---|---|
| Military College of Signals (MCS) | Military College of Signals (MCS) | General Stacks | 12/12/2016 | 515,SOK | MCS22688 | 12/08/2016 | 12/12/2016 | Book | Almirah No.71, Shelf No.2 |
